00758nam a22001697a 4500003000900000008004100009040007100050082002000121110006000141245004800201260002900249300002800278505023400306650001700540650001400557650001700571AR-CdUCM190327b ||||| |||| 00| 0 spa d aMUNICIPALIDAD PROVINCIAL DEL CUSCOcBIBLIOTECA MUNICIPAL DEL CUSCO a985.033 /bT928 aComité Arquidiocesano del Bicentenario Túpac Amaru. aTúpac Amaru y la iglesia :bAntología / aLima :bEdubanco,c1983. a389 páginas ;c24 cm. aContenido : Documentos de Pampamarca -- Libro de Fábrica de Tinta -- Tensiones y pleitos en una doctrina de naturales -- Nombramiento de un cacique de naturales y gobernador -- Alegato Jurídico sobre diezmos y mano de obra... aAntología  aHistoria  aTupac Amaru